Chapitre Celeste - Statistiques

Statistiques générales
  • Ce quiz a été pris 131 fois
  • Le résultat moyen est 5 sur 9
Statistiques - réponses
Chapitre Nom du Chapitre % Correct
Chapitre 7 Le sommet
88%
Chapitre 9 Adieu
87%
Chapitre 8 Le coeur
79%
Chapitre 5 Le temple miroir
57%
Chapitre 6 Réflexion
57%
Chapitre 3 La station Celeste
37%
Chapitre 4 L'arête d'or
28%
Chapitre 2 Le site ancien
21%
Chapitre 1 La cité abandonée
17%
Aucun quiz correspondant
Distribution des résultats
% des personnes avec chaque résultat
Percentile par nombre de réponses
Votre historique - résultats
Vous n’avez pas pris ce quiz